| 000 | 00744nam a2200217 a 4500 | ||
|---|---|---|---|
| 005 | 20160418104946.0 | ||
| 008 | 140221b1993 ck a fr|||| 00| 0 spa d | ||
| 040 |
_aCO-BoIAVH _cCO-BoIAVH |
||
| 041 | 0 | _aspa | |
| 044 | _ack | ||
| 082 | 0 | 4 |
_a634.96 _bR17m |
| 100 | 1 | _aRamírez Correa, Luis Alberto | |
| 245 | 1 | 0 |
_aManual de Patología / _cLuis Alberto Ramírez Correa |
| 260 |
_aBogotá : _bINDERENA, _c1993. |
||
| 300 |
_a106 páginas : _bilustraciones ; _c24 x 17 centímetros |
||
| 504 | _aIncluye referencias bibliográficas. | ||
| 650 | 1 | 6 |
_aPatología forestal _vGuías, manuales, etc. |
| 650 | 2 | 6 |
_aRecursos forestales _xpatología |
| 650 | 2 | 6 |
_aRecursos forestales _xcontrol de enfermedades |
| 942 |
_cLIBRO _2ddc |
||
| 999 |
_c688 _d688 |
||